LEADER 01044nam0 2200301 450 001 000024370 005 20090313081918.0 010 $a88-15-02712-2 100 $a20090313d1990----km-y0itay50------ba 101 0 $aita 102 $aIT 105 $ay-------001yy 200 1 $aSottosviluppo industriale e questione meridionale$eStudi degli anni 1952-1963$fPasquale Saraceno 210 $aBologna$cIl Mulino$dc1990 215 $a242 p.$d22 cm 225 2 $aCollana della Svimez 410 0$12001$aCollana della Svimez 500 10$aSottosviluppo industriale e questione meridionale$945357 610 1 $aPaesi in via di sviluppo$a1950-1965 610 1 $aItalia meridionale$a1950-1965 676 $a909.09724$v19$9Storia universale. Regioni a basso livello economico 700 1$aSaraceno,$bPasquale$01796 712 02$aSVIMEZ$4070 801 0$aIT$bUNIPARTHENOPE$c20090313$gRICA$2UNIMARC 912 $a000024370 951 $a126/144$b7176$cNAVA2 996 $aSottosviluppo industriale e questione meridionale$945357 997 $aUNIPARTHENOPE